000 00359nam a2200133 i 4500
001 bg
100 1 _aSTANISZ, Tadeusz
245 0 _aZbiór zadań i pytań z wprowadzenia do zastosowań matematyki w ekonomii /
_cTadeusz Stanisz.
260 _aWarszawa,
_c1980.
040 _cBPK
041 _apol
942 _cKS
008 s pl f |000 0 pol
999 _c19352
_d19352
856 _uhttp://koha.tu.koszalin.pl/cgi-bin/koha/opac-detail.pl?biblionumber=19352
_yKatalog online BPK